Quizzes
Events
Quiz Creation
Community
Videos
Private Events
Remove Ads
Sign In
Join for FREE
Feedback
Dark Mode
Quiz Categories
Sports
Geography
Music
Movies
Television
Just For Fun
Miscellaneous
History
Literature
Language
Science
Gaming
Entertainment
Religion
Holiday
For Kids
Quiz Lab
Recent
Popular Today
Quiz Kudos Today
Editor Picks
Curator Picks
Quizzes by...
Day
Popularity
Type
Ratings
Length
Year
Community
Subscriptions
Recent Discussions
Orange Saloon
Badges
Playlists
Quests
Create
Leaderboards
Showdown
Live 5
Trivia Bingo
Activity
Puzzle Library
Sporcle Events
Private Events
Virtual Trivia
Globe League
Become a Host
Pub Owners
SporcleCon
Opinionation
Our Games
Videos
Blog
Mobile Apps
Partnerships
Remove Ads and Go Orange
Feedback
Sports
Athletes
MLB
NBA
NHL
NFL
Soccer
Sports Teams
WWE
NCAA
Football
Premier League
Basketball
Baseball
Hockey
Golf
Tennis
Cricket
Rugby
Auto Racing
Olympics
World Cup
Sports
Athletes
MLB
NBA
NHL
NFL
Soccer
Sports Teams
WWE
NCAA
Football
Premier League
Basketball
Baseball
Hockey
Golf
Tennis
Cricket
Rugby
Auto Racing
Olympics
World Cup
Random Quiz
Search Sporcle
×
Quiz Lab
Quiz Lab
Sports
NBA
Select answers by clicking on text or image buttons
Select answers by clicking on text or image buttons
Clickable
Best Score? Go Orange.
NBA 2004 Draft Player/College Match Stats
Can you match the players drafted in 2004 1st Round with the colleges or the nations they played in?
By
ShallowBeMyGame
4m
29 Questions
159 Plays
159 Plays
159 Plays
Comments
Comments
Give Quiz Kudos
Give Quiz Kudos
-
- Ratings
hide this ad
More Info
Replay
Link that replays current quiz
Next Quiz
Link to next quiz in quiz playlist
You Got
0%
They Got
Avg Score
65%
Avg Friend Score
Upgrade to see
Score Distribution
Jump to the score distribution portion of the page
Score
0/29
Timer
04:00
0
Plays Today
% Correct
Emeka Okafor
92.5%
Luol Deng
91.8%
Andre Iguodala
89.9%
Dwight Howard
89.3%
Jameer Nelson
88.7%
Ben Gordon
87.4%
Devin Harris
82.4%
Kris Humphries
78.6%
Delonte West
74.2%
Josh Childress
73.6%
Viktor Khryapa
73.6%
Luke Jackson
71.1%
Josh Smith
69.8%
Tony Allen
69.8%
Sebastian Telfair
62.9%
% Correct
Kevin Martin
62.9%
Andris Biedrins
62.3%
Sasha Vujacic
57.2%
Sergei Monia
56.6%
J.R. Smith
54.7%
Beno Udrih
54.7%
Shaun Livingston
52.8%
Pavel Podzolkin
52.8%
Rafael Araujo
50.3%
Al Jefferson
50.3%
Kirk Snyder
45.3%
David Harrison
44%
Robert Swift
35.8%
Dorell Wright
30.8%
Quiz Playlist
Details
Report
Send in Message
Add To Playlist
More Info:
The 1st round only had 29 picks beacause Minnesota Timberwolvesforfeited their first-round pick due to salary cap violations
Clickable:
Select answers by clicking on text or image buttons
Quiz Source
Last Updated: Jul 27, 2017
Quiz Scoreboard
CHALLENGE
Sign Up to Join the Scoreboard
Show All
Scores
Hide
Comments
May contain spoilers
Recently Published
9x9 Crossword: Cartoon Network
by jackfrog10
Miscellaneous
3m
College Basketball Coaching Resumes
by pancakes188
Sports
9m
Billboard Blitz: Fleetwood Mac
by CooCooCachoo
Music
15s
More to Explore
Quiz From the Vault
Featured Blog Post
Where Did the Easter Bunny Come From?
hide this ad
You Might Also Like...
Tags
Basketball Quiz
Clickable Quiz
NBA Quiz
2004
High School
Matching
NBA Draft
NBA Player
NCAA Basketball
Today's Top Quizzes in Sports
Browse Sports
hide this ad
Today's Top Quizzes in NBA
Browse NBA
Top Contributed Quizzes in Sports
1
2022 World Cup Stars
2
Les meilleurs buteurs des matchs entre le PSG et l’OM
3
FIFA Club World Cup Champions
4
Les entraîneurs de l'OM et du PSG au 21e siècle
5
Criteria MLB: Left Handed Sluggers
6
AFC Teams Reveal (Wrong Answers Minefield)
7
2023 MLB Unique Player Accomplishments
8
Players with Multiple 50 Home Run Seasons
9
5-to-1: FBS Animal Nicknames
10
5-to-1: UK Sports Teams
Explore More
Trending Topics
Anime
Kpop
Harry Potter
NBA
Marvel
Crossword
Disney
Soccer
NFL
Puzzle
Song
WWE
The Office
Country
Pokémon
hide this ad
More By:
ShallowBeMyGame
Quiz
Plays
Rating
Category
Featured
Created
NBA Players mapped out
10,632
3.18
Sports
Jul 8, 2017
NBA Awards Chain Game
6,392
5.00
Sports
Jun 30, 2017
Progressively harder NBA Jersey Number Quiz 2016-17
6,376
2.60
Sports
Feb 14, 2017
NBA Finals Chain Game
4,988
3.50
Sports
Jul 18, 2017
NBA Hall of Fame Chain Game
4,002
5.00
Sports
Jul 17, 2017
Go to Creator's Profile
Score Distribution
Quiz Creator Spotlight
ShallowBeMyGame
Follow
Send a Message
Quizzes Created
-
Created Quiz Play Count
-
More By This Creator
Popular Quizzes Today
1
Find the US States - No Outlines Minefield
2
Find the Countries of Europe - No Outlines Minefield
3
The Countries of the World
4
Find the US States
5
Risky Map Clicking: Biggest States A-Z
6
US States
7
Popular People in 1961
8
Movies - When Are They Set?
More Sports Quizzes
Game changers: 3+ receiving TDs in a game since 2000
Curator's Pick
Trending Quizzes
Risky Map Clicking: Least Populous States A-Z
1-10 Letter G Words
1-10 Letter F Words
Risky Map Clicking: Next State Alphabetically
Adjectives in 80s TV Shows
Recently Updated
Leaping Animals
pecheneg
Reality TV Shows (A-Z)
bhenderson79
Rickey Henderson's Hall of Fame Teammates
pecheneg
Champions League XIs: Arsenal
pecheneg
Quick Pick: Celebrities in WWE's Hall of Fame
aduchscher
A-Z Keypad Blitz II
pecheneg
Multiple Oscar Actors
pecheneg
Mystery Phrase Blitz: Oscar 'Best Actors'
pecheneg
F. Scott Fitzgerald Novels
LTH
Pick 3 Villains
ddd62291
Trending Topics
NBA
Crossword
Harry Potter
Anime
Marvel
Kpop
Disney
WWE
The Office
NFL
Pokémon
Song
Puzzle
Country
Soccer
Your Account Isn't Verified!
In order to create a playlist on Sporcle, you need to verify the email address you used during registration. Go to your
Sporcle Settings
to finish the process.
Report this User
Report this user for behavior that violates our
Community Guidelines
.
Details:
Send Report
Go to the Sporcle.com Mobile Site →
Comments